Boston Celtics Trivia - Statistics

General Stats
  • This quiz has been taken 19 times
  • The average score is 10 of 15
Answer Stats
Hint Answer % Correct
Amount of Championships 18
94%
Most Recent Title 2024
94%
Career Rebounds Leader Bill Russell
94%
Career Assists Leader Bob Cousy
94%
2007-08 DPOY Kevin Garnett
94%
Amount of Championships won against the Lakers 9
88%
Career Points Leader John Havlicek
82%
Winner of three consecutive 3 point contests Larry Bird
82%
Kevin McHale's Jersey Number 32
65%
Career Steals Leader Paul Pierce
65%
Year Founded 1946
53%
1971 Rookie of the Year Dave Cowens
41%
Amount of Hall of Famers 41
35%
First Jersey Retired Ed Macauley
18%
Founder Walter Brown
12%
No matching quizzes found
Score Distribution
Percent of People with Each Score
Percentile by Number Answered
Your Score History
You have not taken this quiz